000
00295nam a22001337a 4500
008
170822b xxu||||| |||| 00| 0 eng d
020
_a
04691084981
041
_a
eng
080
_a
51
100
_a
38
101
_a
MAT
245
_a
LIE GROUPS LIE ALGEBRA
_c
KNAPP.A.W
942
_2
udc
_c
BK
999
_c
24563
_d
24563